000 01262nam a22001577a 4500
999 _c3431
_d3431
020 _a9780534641429
020 _a0534641423
050 _aHV43
_b.L58
100 _aDolgoff, Ralph.
245 _a Ethical decisions for social work practice.
_cDolgoff, Ralph.
260 _aBelmont, CA :
_b Brooks/Cole--Thomson Learning,
_c©2005
300 _axv, 285 pages :
_b illustrations ;
_c 24 cm
500 _aLoewenberg's name appears first on the previous ed.
505 _aIntroduction to ethical decision making -- Ethical choices in the helping professions -- Values and professional ethics -- Guidelines for ethical decision making: concepts, approaches, and values -- Guidelines for ethical decision making: the decision-making process and tools -- Ethical dilemmas in professional practice -- Confidentiality and informed consent -- Client rights and professional expertise -- Value neutrality and imposing values -- Equality, inequality, limited resources, and advocacy -- The professional relationship: limits, dilemmas, and problems -- Bureaucratic and work relationships -- Private practice social work -- Changing world/changing problems -- Social work with selected client groups -- Whose responsibility are professional ethics?
942 _cBK